000 00610cam a2200229 4500500
005 20260405003203.0
041 _afre
042 _adc
100 1 0 _aN’Diaye, Aïda
_eauthor
245 0 0 _aRuines
260 _c2020.
500 _a71
690 _aÉternité
690 _aFragilité
690 _aHistoire
690 _aMonument
690 _aPassé
690 _aRuine
690 _aTemps
786 0 _nPhilosophie magazine | 145 | 1 | 2020-12-01 | p. 77-77 | 1951-1787
856 4 1 _uhttps://shs.cairn.info/magazine-philosophie-magazine-2020-12-1-page-77?lang=fr&redirect-ssocas=7080
999 _c2065150
_d2065150